Native son

Gespeichert in:
Bibliographische Detailangaben
1. Verfasser: Wright, Richard
Format: Buch
Sprache:Undetermined
Veröffentlicht: New York, Estados Unidos Harper & Row 1940
Schlagworte:
Tags: Tag hinzufügen
Keine Tags, Fügen Sie den ersten Tag hinzu!

MARC

LEADER 00000nam a2200000Ia 4500
008 170316s9999 xx 000 0 und d
090 |a 810 W-45n 
100 |a Wright, Richard 
245 |a Native son 
260 |a New York, Estados Unidos 
260 |b Harper & Row 
260 |c 1940 
300 |a 392 páginas 
650 |a LITERATURA ESTADOUNIDENSE 
999 |c 21706  |d 21706 
040 |a cru BVZT 
942 |c 15 D  |h 810 W-45n  |2 z